[Event "Moia op 5th"]
[Site "Moia"]
[Date "2016.09.30"]
[Round "2"]
[White "Clavel Oliveras, Guillem"]
[Black "Urena Casacuberta, Lluis"]
[Result "0-1"]
[WhiteElo "1688"]
[BlackElo "1902"]
[PlyCount "126"]
[EventDate "2016.09.23"]
[EventType "swiss"]
[EventRounds "8"]
[EventCountry "ESP"]
[SourceTitle "EXT 2018"]
[Source "ChessBase"]
[SourceDate "2017.10.13"]
[SourceVersion "1"]
[SourceVersionDate "2017.10.13"]
[SourceQuality "1"]

1. e4 c6 2. d4 d5 3. e5 Bf5 4. Bd3 Bxd3 5. Qxd3 e6 6. Nf3 c5 7. c3 Nc6 8. Be3 cxd4 9. cxd4 Rc8 10. a3 Be7 11. 0-0 h5 12. b4 Nh6 13. Bxh6 Rxh6 14. Nbd2 g5 15. Nb3 g4 16. Nfd2 Rg6 17. f4 Bf8 18. f5 Rg7 19. fxe6 fxe6 20. Rf6 Kd7 21. Raf1 Be7 22. Nc5+ Bxc5 23. bxc5 Qg8 24. Qb5 Kc7 25. Nb3 Kb8 26. a4 h4 27. a5 h3 28. g3 a6 29. Qb6 Re7 30. R1f4 Qh7 31. Rf1 Qg7 32. R6f4 Qg5 33. Rd1 Qg7 34. Nd2 Rf8 35. Rdf1 Ref7 36. Rb1 Ka8 37. Rxf7 Rxf7 38. Rf1 Rxf1+ 39. Nxf1 Qf8 40. Qb2 Qf3 41. Qf2 Nxd4 42. Qxf3 Nxf3+ 43. Kf2 Nxe5 44. Ke3 Ng6 45. Kd4 Kb8 46. Ne3 Kc7 47. Nxg4 Kd7 48. Nf2 Ke7 49. Nxh3 Kf6 50. Nf2 Kf5 51. h3 Ne7 52. Nd3 Nc6+ 53. Ke3 Nxa5 54. Nb4 Nc6 55. Nd3 e5 56. Ke2 d4 57. g4+ Ke6 58. Kf3 a5 59. Ke4 a4 60. Nc1 Nb4 61. g5 a3 62. Nb3 a2 63. Nc1 a1Q 0-1

[Event "Moia op 4th"]
[Site "Moia"]
[Date "2015.10.16"]
[Round "5"]
[White "Bellpuig Mencos, Gerard"]
[Black "Clavel Oliveras, Guillem"]
[Result "0-1"]
[WhiteElo "1700"]
[BlackElo "1853"]
[PlyCount "58"]
[EventDate "2015.09.18"]
[EventType "swiss"]
[EventRounds "8"]
[EventCountry "ESP"]
[SourceTitle "EXT 2017"]
[Source "ChessBase"]
[SourceDate "2016.10.25"]
[SourceVersion "1"]
[SourceVersionDate "2016.10.25"]
[SourceQuality "1"]

1. d4 Nf6 2. Bf4 g6 3. Nf3 Bg7 4. e3 0-0 5. h3 d6 6. Bd3 Nc6 7. c3 b6 8. 0-0 Bb7 9. Qe2 Nh5 10. Bh2 f5 11. Nbd2 f4 12. e4 e5 13. dxe5 Nxe5 14. Bc4+ Nxc4 15. Nxc4 Ba6 16. Rad1 Qe7 17. Rfe1 Qf7 18. Rd5 Rae8 19. g4 fxg3 20. Bxg3 Qxf3 21. Qf1 Nxg3 22. fxg3 Qxg3+ 23. Qg2 Qxe1+ 24. Kh2 Rf2 25. Rd2 Rxg2+ 26. Rxg2 Bxc4 27. Rg1 Be5+ 28. Kg2 Qxe4+ 29. Kf2 Rf8# 0-1